| 000 | 00672nam a2200217Ia 4500 | ||
|---|---|---|---|
| 003 | GCL | ||
| 008 | 140319s9999 xx 000 0 ara d | ||
| 040 |
_aGCL / _cGCL |
||
| 082 | 0 | 4 |
_a531.6 _bم ط |
| 100 | 1 | _aمحمد محمود عمار | |
| 245 | 1 | 0 |
_aالطاقة مصادرها اقتصادياتها / _cمحمد محمود عمار |
| 260 |
_a[S.N] : _bمكتبة النهضة المصرية ، _c1989 |
||
| 300 | _a398 ص | ||
| 490 | _a | ||
| 650 | 0 | 4 | _aالطاقة |
| 650 | 0 | 4 | _aمصادر الطاقة |
| 650 | 0 | 4 | _aالطاقة الاشعاعية |
| 650 | 0 | 4 | _aالطاقة الحرارية |
| 650 | 0 | 4 | _aالاشعاع الشمسى |
| 942 |
_2ddc _cBK |
||
| 999 |
_c37504 _d37504 |
||